Trends in intravenous anesthesia / (Record no. 3718)
[ view plain ]
| 000 -LEADER | |
|---|---|
| fixed length control field | 01001cam a2200277 i 4500 |
| 001 - CONTROL NUMBER | |
| control field | 394511 |
| 003 - CONTROL NUMBER IDENTIFIER | |
| control field | ALUPE UNIVERSITY |
| 005 - DATE AND TIME OF LATEST TRANSACTION | |
| control field | 20220203062428.0 |
| 008 - FIXED-LENGTH DATA ELEMENTS--GENERAL INFORMATION | |
| fixed length control field | 800703s1980 flu b 001 0 eng |
| 010 ## - LIBRARY OF CONGRESS CONTROL NUMBER | |
| LC control number | 79092168 |
| 020 ## - INTERNATIONAL STANDARD BOOK NUMBER | |
| International Standard Book Number | 0815101066 |
| 040 ## - CATALOGING SOURCE | |
| Original cataloging agency | DLC |
| Transcribing agency | ALUPE UNIVERSITY |
| Modifying agency | DLC |
| 050 00 - LIBRARY OF CONGRESS CALL NUMBER | |
| Classification number | RD85.I6 |
| Item number | .T73 1980 |
| 082 00 - DEWEY DECIMAL CLASSIFICATION NUMBER | |
| Classification number | 617/.962 |
| Edition number | 19 |
| 245 00 - TITLE STATEMENT | |
| Title | Trends in intravenous anesthesia / |
| Statement of responsibility, etc. | editors, J. Antonio Aldrete, Theodore H. Stanley. |
| 260 ## - PUBLICATION, DISTRIBUTION, ETC. | |
| Place of publication, distribution, etc. | Miami, FL : |
| Name of publisher, distributor, etc. | Symposia Specialists ; |
| Place of publication, distribution, etc. | Chicago, IL. : |
| Name of publisher, distributor, etc. | distributed by Year Book Medical Publishers, |
| Date of publication, distribution, etc. | c1980. |
| 300 ## - PHYSICAL DESCRIPTION | |
| Extent | xviii, 525 : |
| Other physical details | graphs ; |
| Dimensions | 24 cm. |
| 490 1# - SERIES STATEMENT | |
| Series statement | A Home study textbook program |
| 504 ## - BIBLIOGRAPHY, ETC. NOTE | |
| Bibliography, etc. note | Includes bibliographical references and index. |
| 650 #0 - SUBJECT ADDED ENTRY--TOPICAL TERM | |
| Topical term or geographic name entry element | Intravenous anesthesia. |
| 700 1# - ADDED ENTRY--PERSONAL NAME | |
| Personal name | Aldrete, J. Antonio. |
| 700 1# - ADDED ENTRY--PERSONAL NAME | |
| Personal name | Stanley, Theodore H. |
| Fuller form of name | (Theodore Henry), |
| Dates associated with a name | 1940-2017. |
| 830 #0 - SERIES ADDED ENTRY--UNIFORM TITLE | |
| Uniform title | Home study textbook program. |
| 906 ## - LOCAL DATA ELEMENT F, LDF (RLIN) | |
| a | 7 |
| b | cbc |
| c | orignew |
| d | 2 |
| e | opcn |
| f | 19 |
| g | y-gencatlg |
| 942 ## - ADDED ENTRY ELEMENTS (KOHA) | |
| Source of classification or shelving scheme | |
| Koha item type | Book |
| Suppress in OPAC | BA |
| Withdrawn status | Lost status | Source of classification or shelving scheme | Damaged status | Not for loan | Permanent Location | Current Location | Shelving location | Date acquired | Source of acquisition | Total Checkouts | Full call number | Barcode | Date last seen | Price effective from | Koha item type | Public note |
|---|---|---|---|---|---|---|---|---|---|---|---|---|---|---|---|---|
| AU LIBRARY | AU LIBRARY | Open Shelf | 03.02.2022 | DONATION FROM MOI UNIVERSITY | RD85.I6 .T73 1980 | 28005153 | 03.02.2022 | 03.02.2022 | Book | BA |